| 000 | 00604nam a2200229 i 4500 | ||
|---|---|---|---|
| 001 | bg | ||
| 100 | 1 | _aBRYŁKA, Jerzy | |
| 245 | 0 |
_aŚruby i elementy złączne - różne / _coprac. Jerzy Bryłka, Ryszard Kasprzyszak. |
|
| 250 | _aWyd. 2 popr. i uzup. | ||
| 260 |
_aWarszawa, _c1979. |
||
| 490 | 1 | _aKatalog SWW - 0653 | |
| 650 | 9 | _aŚruby | |
| 650 | 9 | _aPołączenia konstrukcyjne | |
| 655 | _aKatalogi | ||
| 700 | 1 | _aKASPRZYSZAK, Ryszard | |
| 830 | _aKatalog SWW - 0653 | ||
| 040 | _cBPK | ||
| 041 | _apol | ||
| 080 | _a621.88 | ||
| 942 | _cKA | ||
| 008 | s pl f |000 0 pol | ||
| 999 |
_c24097 _d24097 |
||
| 856 |
_uhttp://koha.tu.koszalin.pl/cgi-bin/koha/opac-detail.pl?biblionumber=24097 _yKatalog online BPK |
||